00353nam a2200133Ia 4500008004100000041000800041082001400049100002100063245004500084250001400129260003800143300003100181365000700212240624s9999 xx 000 0 und d aeng a657.3 PAL aPALEPU KRISHNA G aBUSINESS ANALYSIS AND VALUATION USEING F a(3rd ed.) c2009aAustraliabCengage Learning axiv, : 450 : p. : cm. ; 24 cRS